Gramática generativo transformacional del cabecar oraciones compuestas coordinadas

Gespeichert in:
Bibliographische Detailangaben
1. Verfasser: Campomanes Fernández, Alonso y Fallas Zamora, Essme
Format: Buch
Sprache:Undetermined
Veröffentlicht: San José, Costa Rica Escuela de Filología, Lingüística y Literatura,Universidad de Costa Rica 1980
Schlagworte:
Tags: Tag hinzufügen
Keine Tags, Fügen Sie den ersten Tag hinzu!

MARC

LEADER 00000nam a2200000Ia 4500
008 170316s9999 xx 000 0 und d
999 |c 13768  |d 13768 
040 |a cru BVZT 
090 |a TESIS 16 
100 |a Campomanes Fernández, Alonso y Fallas Zamora, Essme 
245 |a Gramática generativo transformacional del cabecar oraciones compuestas coordinadas  |c / Alonso Campomanes Fernández, Essme Fallas Zamora 
260 |a San José, Costa Rica  |b Escuela de Filología, Lingüística y Literatura,Universidad de Costa Rica  |c 1980 
300 |a 92 páginas 
650 |a LICENCIATURA EN LINGÜÍSTICA 
650 |a TRABAJO FINAL DE GRADUACIÓN  |9 237 
942 |c TFG  |h TESIS 16  |2 z